| 000 | 00620nam a22002057a 4500 | ||
|---|---|---|---|
| 003 | DO-SdBNP | ||
| 005 | 20210921154920.0 | ||
| 008 | 210825b 2018 dr 00| 0 eng d | ||
| 020 | _a9789934169331 | ||
| 040 |
_aDO-SdBNP _bspa _cBNPHU |
||
| 100 | 1 |
_aYsalguez, Hugo _979577 |
|
| 245 | 1 | 3 |
_aEl peligro haitiano / _cHugo Ysalguez |
| 260 |
_aSanto Domingo : _bBúho ; _c2018. |
||
| 300 |
_a254 p. ; _c23 cm. |
||
| 500 | _aIncluye datos biográficos del autor en la solapa de la cubierta | ||
| 590 | _aInventariado, 2021/BT | ||
| 700 | 1 |
_aSoto Jiménez, José Manuel, _epról. _979992 |
|
| 910 | _aBtavárez | ||
| 942 |
_2ddc _cLBS1 |
||
| 999 |
_c50283 _d50283 |
||